UN NUEVO ESTADO? : (Registro nro. 13577)
[ vista simple ]
| 000 -LEADER | |
|---|---|
| fixed length control field | 00474nam a2200157 a 4500 |
| 001 - CONTROL NUMBER | |
| control field | 13577 |
| 005 - DATE AND TIME OF LATEST TRANSACTION | |
| control field | 20180713201953.0 |
| 008 - FIXED-LENGTH DATA ELEMENTS--GENERAL INFORMATION | |
| fixed length control field | 140415s1994 000 0 spa d |
| 041 ## - LANGUAGE CODE | |
| Language code of text/sound track or separate title | spa |
| 082 ## - DEWEY DECIMAL CLASSIFICATION NUMBER | |
| Classification number | 330.122 |
| Item number | NUE |
| 245 03 - TITLE STATEMENT | |
| Title | UN NUEVO ESTADO? : |
| Remainder of title | DEBATE SOBRE LA RESTRUCTURACION DEL ESTADO Y EL CAPITAL |
| 260 ## - PUBLICATION, DISTRIBUTION, ETC. | |
| Place of publication, distribution, etc. | [s.l.] : |
| Name of publisher, distributor, etc. | CAMBIA XXI, |
| Date of publication, distribution, etc. | 1994 |
| 300 ## - PHYSICAL DESCRIPTION | |
| Extent | 223 |
| 650 14 - SUBJECT ADDED ENTRY--TOPICAL TERM | |
| Topical term or geographic name entry element | CAPITALISMO |
| General subdivision | SISTEMAS ECONOMICOS |
| 700 1# - ADDED ENTRY--PERSONAL NAME | |
| Personal name | BERNAL, MARIA CRISTINA |
| Relator term | tr. |
| Withdrawn status | Lost status | Source of classification or shelving scheme | Damaged status | Not for loan | Collection code | Home library | Current library | Shelving location | Date acquired | Source of acquisition | Inventory number | Total Checkouts | Full call number | Barcode | Date last seen | Price effective from | Koha item type |
|---|---|---|---|---|---|---|---|---|---|---|---|---|---|---|---|---|---|
| Dewey Decimal Classification | General | Biblioteca Karol Wojtyla | Biblioteca Karol Wojtyla | Sala general | 03/12/2013 | Compra | 151000000000000000049760 | 330.122 NUE | 30452 | 05/01/2026 | 03/12/2013 | Libro |